Disputaciones metafísicas / (Record no. 148786)

MARC details
000 -LEADER
campo de control de longitud fija 01370nam a2200373 4500
001 - NÚMERO DE CONTROL
campo de control 148786
003 - IDENTIFICADOR DE NÚMERO DE CONTROL
campo de control ES-MaACL
005 - FECHA Y HORA DE LA ÚLTIMA TRANSACCIÓN
campo de control 20250804062748.0
007 - CAMPO FIJO DE DESCRIPCIÓN FÍSICA--INFORMACIÓN GENERAL
campo de control de longitud fija t|
008 - DATOS DE LONGITUD FIJA--INFORMACIÓN GENERAL
campo de control de longitud fija 070214m19601966sp r ||||1| spa d
017 ## - NÚMERO DE COPYRIGHT O DE DEPÓSITO LEGAL
Número de copyright o de depósito legal M 2016-1960
Agencia que asigna Oficina Depósito Legal Madrid
040 ## - FUENTE DE CATALOGACIÓN
Centro/agencia transcriptor ES-MaACL
100 0# - ENTRADA PRINCIPAL--NOMBRE DE PERSONA
Nombre de persona Suárez, Francisco
9 (RLIN) 108560
Término indicativo de función/relación Autor
245 10 - MENCIÓN DEL TÍTULO
Título Disputaciones metafísicas /
Mención de responsabilidad, etc. Francisco Suárez ; edición y traducción de Sergio Rabade Romeo, Salvador Caballero Sánchez y Antonio Puigcerver Zamón.
260 ## - PUBLICACIÓN, DISTRIBUCIÓN, ETC.
Lugar de publicación, distribución, etc. Madrid :
Nombre del editor, distribuidor, etc. Gredos,
Fecha de publicación, distribución, etc. [1960-66] (
Fabricante Cóndor).
300 ## - DESCRIPCIÓN FÍSICA
Extensión 7 v. ;
Dimensiones 25 cm.
490 1# - MENCIÓN DE SERIE
Mención de serie Biblioteca hispánica de filosofía
650 #7 - PUNTO DE ACCESO ADICIONAL DE MATERIA--TÉRMINO DE MATERIA
Término de materia o nombre geográfico como elemento de entrada Filosofía
Fuente del encabezamiento o término embne
9 (RLIN) 12802
650 #7 - PUNTO DE ACCESO ADICIONAL DE MATERIA--TÉRMINO DE MATERIA
Término de materia o nombre geográfico como elemento de entrada Metafísica
Fuente del encabezamiento o término embne
9 (RLIN) 15012
700 1# - ENTRADA AGREGADA--NOMBRE PERSONAL
Nombre de persona Rábade Romeo, Sergio
9 (RLIN) 94831
Término indicativo de función/relación Traductor
700 0# - ENTRADA AGREGADA--NOMBRE PERSONAL
Nombre de persona Caballero Sánchez, Salvador
9 (RLIN) 33123
Término indicativo de función/relación Traductor
700 0# - ENTRADA AGREGADA--NOMBRE PERSONAL
Nombre de persona Puigcerver Zamón, Antonio
9 (RLIN) 94291
Término indicativo de función/relación Traductor
830 0# - PUNTO DE ACCESO ADICIONAL DE SERIE-TÍTULO UNIFORME
Título uniforme Biblioteca hispánica de Filosofía
9 (RLIN) 181000
852 ## - LOCALIZACIÓN
Ubicación ES-MaACL
Número de control de estantería L-2186
Sublocalización o colección R.46096
Ubicación en estantería Depósito 2
Encuadernación Encuadernación rústica
852 ## - LOCALIZACIÓN
Ubicación ES-MaACL
Número de control de estantería L-2187
Ubicación en estantería Depósito 2
852 ## - LOCALIZACIÓN
Ubicación ES-MaACL
Número de control de estantería L-2188
Ubicación en estantería Depósito 2
852 ## - LOCALIZACIÓN
Ubicación ES-MaACL
Número de control de estantería L-2189
Ubicación en estantería Depósito 2
852 ## - LOCALIZACIÓN
Ubicación ES-MaACL
Número de control de estantería L-2190
Ubicación en estantería Depósito 2
852 ## - LOCALIZACIÓN
Ubicación ES-MaACL
Número de control de estantería L-2191
Ubicación en estantería Depósito 2
852 ## - LOCALIZACIÓN
Ubicación ES-MaACL
Número de control de estantería L-2192
Ubicación en estantería Depósito 2
942 ## - ELEMENTOS DE ENTRADA SECUNDARIOS (KOHA)
Tipo de ítem Koha Libro impreso
Holdings
Estatus retirado Estado de pérdida Fuente del sistema de clasificación o colocación Estado de daño No para préstamo Biblioteca de origen Biblioteca actual Ubicación en estantería Fecha de adquisición Total de préstamos Signatura topográfica completa Código de barras Visto por última vez Precio de reemplazo Tipo de ítem Koha
    Clasificación decimal universal     Biblioteca del Ateneo de Madrid Biblioteca del Ateneo de Madrid Depósito 2 17/01/2008   L-2186-92 1155268 23/02/2023 23/02/2023 Libro impreso